| 000 | 01161njm a22003017a 4500 | ||
|---|---|---|---|
| 005 | 20100917150757.0 | ||
| 007 | sd ammalaaahaa | ||
| 008 | 100913t xxu||||| |||| 00| 0 hin d | ||
| 028 |
_aTAE. 1247 _bOdeon |
||
| 035 | _aGR-03054 | ||
| 040 | _aSED/VEN | ||
| 100 |
_919606 _aMohd. Rafi |
||
| 245 |
_aArzoo part. 1 & 2 / _h[sound recording] : _cby Mohd. Rafi & Lata Mangeshkar ; music Shankar Jaikishan ; lyric Masrat Jaiipuri |
||
| 246 | _aArzoo (मोहद. रफ़ी) | ||
| 260 |
_aDum Dum, India _bOdeon _cn. d. |
||
| 300 |
_a1 sound disc [Gramophone record] : _banalog, 45 rpm _c7 in. _fGramophone record |
||
| 500 | _aBrief record. | ||
| 500 | _aOdeon | ||
| 500 | _aBlack | ||
| 500 | _aExended Play | ||
| 505 | _aAe phulo ki Rani, Chalke teri aankho se (ऐ फूलो की रानी) (चलके तेरी आँखों से) | ||
| 650 |
_aClassical Music _xExcerpts _zIndia _919607 _vFilmi Song |
||
| 700 |
_920331 _aMangeshkar, Lata |
||
| 700 |
_920425 _aJaikishan, Shankar |
||
| 700 |
_920426 _aMasrat Jaiipuri |
||
| 942 |
_2ddc _cGR |
||
| 999 |
_c46569 _d46569 |
||